| 000 | 01717nam a22003133u 4500 | ||
|---|---|---|---|
| 001 | drd-44431076 | ||
| 003 | RU-10907106 | ||
| 005 | 20210727114322.0 | ||
| 007 | tu | ||
| 008 | 210426| ||||| |||| 00| u ger d | ||
| 020 |
_a9781350175211 _9978-1-350-17521-1 |
||
| 040 |
_cRU-10907106 _aRU-10907106 _bger |
||
| 041 | _aeng | ||
| 100 | 1 |
_aAlston, Dr Charlotte _4aut _eVerfasser |
|
| 245 | 1 | 0 |
_aRussia's Greatest Enemy? _bHarold Williams and the Russian Revolutions |
| 264 |
_aLondon _bBloomsbury Academic _c2020 |
||
| 300 | _a278 Seiten | ||
| 336 |
_aText _btxt |
||
| 336 | _2rdacontent | ||
| 337 |
_aohne Hilfsmittel zu benutzen _bn |
||
| 337 | _2rdamedia | ||
| 338 |
_aBand _bnc |
||
| 338 | _2rdacarrier | ||
| 520 | _aA remarkably talented linguist, foreign correspondent in Russia from 1904 to 1921 and Foreign Editor for 'The Times', Russia's Greatest Enemy? traces the fascinating life and career of Harold Williams. This quiet and modest New Zealander played a central role in informing and influencing British opinion on Russia from the twilight of the Tsars, through War and Revolution, to the rise of the Soviet Union. The career of this keen Russophile and fierce opponent of Bolshevism illuminates the pre-First World War movement towards rapprochement with the Tsar, as well as the drive for intervention and isolation in the Soviet period. In this fascinating study, Charlotte Alston explores the role of Williams as Russia's interpreter to the British and the Britain's to Russia in this turbulent period in the history of both countries | ||
| 600 | _a Williams, Harold <1876-1928> | ||
| 651 | _aGroßbritanien | ||
| 651 | _aRussland | ||
| 942 |
_2z _cMG |
||
| 999 |
_c56148 _d56148 |
||